| 000 | 00968cam a2200193 4500 | ||
|---|---|---|---|
| 001 | WB3805-15 | ||
| 008 | 020206n2002 000 0 eng u | ||
| 035 | _a(Sirsi) u116627 | ||
| 245 | _aBrownfield boost | ||
| 260 | _c2002 | ||
| 490 |
_aPlanning (for the Natural and Built Environment) _v(1454) 1 February 2002, 1(1) |
||
| 520 | _aA report by consultants GVA Grimley and economic analysts Business Strategies, argues that the decline of the UK manufacturing industry will offer opportunites for new brownfield housing sites. However, it points out that local authorities are failing to utilise these chances to reallocate disused ex-industrial land for housing. "Manufacturing and Residential Land Allocation - A Deepening Mismatch" is available from Dr Jim Whelan at GVA Grimley T +44 (0)20 7911 2374 | ||
| 590 | _aWB | ||
| 650 | _aRESIDENTIAL USE | ||
| 650 | _aINDUSTRIAL LAND | ||
| 650 | _aBROWNFIELD LAND | ||
| 690 | _aHOUSING-DEVELOPMENT | ||
| 942 | _n0 | ||
| 999 |
_c69449 _d69449 |
||